La Sociedad Española de Carburos Metálicos, S.A. : cent anys d'història d'una empresa química : 1897-1997 cent anys d'història d'una empresa química :
Publicado:
Lleida :
S.E. de Carburos Metálicos, S.A. ; Sant Cugat : Arxiu Nacional de Catalunya ,
1997
Descripción Física:
32 p. : il. ; 21 cm
Colección:
Monografies empresarials ; 1
MARC
| LEADER | 00000nam a2200000Ia 4500 | ||
|---|---|---|---|
| 001 | 11735 | ||
| 008 | 160829s1997 xx 000 0 cat d | ||
| 080 | |a FU-13-23 | ||
| 245 | |a La Sociedad Española de Carburos Metálicos, S.A. : |b cent anys d'història d'una empresa química : |b 1897-1997 | ||
| 260 | |a Lleida : |b S.E. de Carburos Metálicos, S.A. ; Sant Cugat : |b Arxiu Nacional de Catalunya, |c 1997 | ||
| 300 | |a 32 p. : |b il. ; |c 21 cm | ||
| 490 | |a Monografies empresarials ; 1 | ||
| 650 | |a Sociedad Española de Carburos Metálicos |x Història |x 1897/1997 |9 32238 | ||
| 650 | |a Empreses |x Espanya |x Història |x 1897/1997 |9 32239 | ||
| 710 | 2 | |a Arxiu Nacional de Catalunya |9 55117 | |
| 901 | |a Arxiu | ||
| 942 | |n 1 | ||
| 952 | |0 0 |1 0 |4 0 |6 FU1323 |7 1 |9 45916 |a Arxiu |b Arxiu |d 2016-12-01 |l 0 |o FU-13-23 |p 11735 |r 2016-12-01 00:00:00 |w 2016-12-01 |y ARXIU | ||
| 999 | |c 49417 |d 49417 | ||